000 00294nam a2200097Ia 4500
001 644434
005 20250826153604.0
008 250824s9999 xx 000 0 und d
245 0 _aElinizin Altındaki Gerçekler Buluşlar ve Teknoloji Mimari Yapılar
_cLindsey Lowe
260 _bTÜBİTAK YAYINLARI
999 _c644434
_d644434